[Event "Ruhrgebiet VK3 0405"]
[Site "Ruhrgebiet"]
[Date "2004.11.07"]
[Round "3.8"]
[White "Pickers, Tim"]
[Black "Hellbing, Horst"]
[Result "0-1"]
[WhiteElo "1827"]
[BlackElo "1961"]
[PlyCount "78"]
[EventDate "2004.09.12"]
[EventType "team"]
[EventRounds "9"]
[EventCountry "GER"]
[SourceTitle "EXT 2006"]
[Source "ChessBase"]
[SourceDate "2005.11.24"]
[SourceVersion "1"]
[SourceVersionDate "2005.11.24"]
[SourceQuality "1"]
[WhiteTeam "Wacker Bergeborbeck"]
[BlackTeam "Katernberg III"]
[WhiteTeamCountry "GER"]
[BlackTeamCountry "GER"]

1. e4 e5 2. Nf3 Nc6 3. Bb5 f5 4. d4 fxe4 5. Nxe5 Nxe5 6. dxe5 c6 7. Bc4 Qa5+ 8. Bd2 Qxe5 9. Bc3 Qg5 10. Bxg8 Rxg8 11. Nd2 d5 12. Qe2 Qxg2 13. Qh5+ Qg6 14. Qe5+ Qe6 15. 0-0-0 Qxe5 16. Bxe5 Bg4 17. Rdg1 Bh5 18. Rg3 0-0-0 19. Rh3 g6 20. Bf4 Bd6 21. Bh6 Rge8 22. Bg5 Rd7 23. Re1 Bc5 24. Be3 Bxe3 25. Rexe3 Rf8 26. f3 exf3 27. Nxf3 Bxf3 28. Rexf3 Rxf3 29. Rxf3 Kc7 30. Rf6 Kd8 31. Kd2 Ke7 32. Rf3 Ke6 33. Kd3 g5 34. c3 h5 35. Rf8 Rf7 36. Rh8 Rf3+ 37. Ke2 Rh3 38. Rb8 Rxh2+ 39. Kd3 Rxb2 0-1